000 00642nam a2200241Ia 4500
001 26332
005 20240114000920.0
007 ta
008 060506s1965 g b000 u 465 u
040 _aCotton College,Assam
041 _a465
082 _a100
_bK 527 F
100 _aKhwaja, A.Jamal .
245 0 _aFive Approaches to Philosophy /
_cA.Jamal Khwaja.
_hTextual Documents
250 _a1st ed. /
260 _aNew Delhi :
_bAllied chambers ( India ) limited ,
_c1965.
300 _a164p. ;
_c22cm.
653 _aPhilosophy
653 _aG-Philosophy
942 _2ddc
_cBK
999 _c26314
_d26314